Runner-up in the ballon d'or 2000-2023 - Statistics

General Stats
  • This quiz has been taken 45 times
  • The average score is 17 of 23
Answer Stats
Year Player % Correct
2009 Cristiano Ronaldo
97%
2011 Cristiano Ronaldo
97%
2012 Cristiano Ronaldo
97%
2015 Cristiano Ronaldo
97%
2018 Cristiano Ronaldo
97%
2007 Lionel Messi
97%
2008 Lionel Messi
97%
2013 Lionel Messi
97%
2014 Lionel Messi
97%
2016 Lionel Messi
97%
2017 Lionel Messi
97%
2023 Erling Braut Haaland
87%
2010 Andrés Iniesta
74%
2021 Robert Lewandowski
74%
2019 Virgil Van Dijk
69%
2000 Zinedine Zidane
67%
2006 Zinedine Zidane
67%
2003 Thierry Henry
56%
2022 Sadio Manè
49%
2005 Frank Lampard
38%
2002 Oliver Kahn
36%
2001 Gonzalez Blanco Raùl
31%
2004 Deco
23%
No matching quizzes found
Score Distribution
Percent of People with Each Score
Percentile by Number Answered
Your Score History
You have not taken this quiz